Особенности организации ПЛК для имитационного моделирования процессов в электроприводах; Интеллектуальные энергосистемы; Т. 2

Библиографические подробности
Источник:Интеллектуальные энергосистемы: труды IV Международного молодёжного форума, 10-14 октября 2016 г., г. Томск/ Национальный исследовательский Томский политехнический университет (ТПУ), Энергетический институт (ЭНИН).— , 2016
Т. 2.— 2016.— [С. 9-12]
Главный автор: Иванов М. И.
Автор-организация: Национальный исследовательский Томский политехнический университет (ТПУ) Энергетический институт (ЭНИН) Кафедра электропривода и электрооборудования (ЭПЭО)
Другие авторы: Букреев В. Г. Виктор Григорьевич (научный руководитель)
Примечания:Заглавие с титульного экрана
Язык:русский
Опубликовано: 2016
Серии:Электрический привод
Предметы:
Online-ссылка:http://earchive.tpu.ru/handle/11683/36361
Формат: Электронный ресурс Статья
Запись в KOHA:https://koha.lib.tpu.ru/cgi-bin/koha/opac-detail.pl?biblionumber=621557

MARC

LEADER 00000naa2a2200000 4500
001 621557
005 20231101133152.0
035 |a (RuTPU)RU\TPU\conf\20173 
035 |a RU\TPU\conf\20171 
090 |a 621557 
100 |a 20170111d2016 k y0rusy50 ca 
101 0 |a rus 
102 |a RU 
105 |a y z 101zy 
135 |a drgn ---uucaa 
181 0 |a i  
182 0 |a b 
200 1 |a Особенности организации ПЛК для имитационного моделирования процессов в электроприводах  |f М. И. Иванов  |g науч. рук. В. Г. Букреев 
203 |a Текст  |c электронный 
225 1 |a Электрический привод 
230 |a 1 компьютерный файл (pdf; 361 Kb) 
300 |a Заглавие с титульного экрана 
320 |a [Библиогр.: с. 12 (7 назв.)] 
461 1 |0 (RuTPU)RU\TPU\conf\20053  |t Интеллектуальные энергосистемы  |o труды IV Международного молодёжного форума, 10-14 октября 2016 г., г. Томск  |o в 3 т.  |f Национальный исследовательский Томский политехнический университет (ТПУ), Энергетический институт (ЭНИН)  |d 2016 
463 1 |0 (RuTPU)RU\TPU\conf\20055  |t Т. 2  |v [С. 9-12]  |d 2016 
610 1 |a труды учёных ТПУ 
610 1 |a электронный ресурс 
610 1 |a программируемые логические контроллеры 
610 1 |a ПЛК 
610 1 |a имитационное моделирование 
610 1 |a электроприводы 
610 1 |a лабораторные стенды 
610 1 |a алгоритмы 
700 1 |a Иванов  |b М. И. 
702 1 |a Букреев  |b В. Г.  |c специалист в области электротехники  |c профессор Томского политехнического университета, доктор технических наук  |f 1952-  |g Виктор Григорьевич  |2 stltpush  |4 727 
712 0 2 |a Национальный исследовательский Томский политехнический университет (ТПУ)  |b Энергетический институт (ЭНИН)  |b Кафедра электропривода и электрооборудования (ЭПЭО)  |h 178  |2 stltpush  |3 (RuTPU)RU\TPU\col\18674 
801 2 |a RU  |b 63413507  |c 20170124  |g RCR 
856 4 |u http://earchive.tpu.ru/handle/11683/36361 
942 |c BK